Statistics for Biggest Asian Cities by Letter - B

Click here to take the quiz!

General Stats

  • This quiz has been taken 90 times
  • The average score is 11 of 18

Answer Stats

CountryPopulationCity% Correct
China19.8 milBeijing
100%
Iraq7.00 milBaghdad
100%
Thailand18.8 milBangkok
100%
Lebanon1.75 milBeirut
98%
Azerbaijan2.57 milBaku
98%
India12.2 milBengaluru
95%
South Korea4.12 milBusan
92%
Indonesia6.95 milBandung
80%
Iraq1.52 milBasra
74%
Turkey2.07 milBursa
70%
India2.42 milBhopal
66%
India2.90 milBhilai
39%
China2.22 milBaotou
26%
India1.90 milBhubaneswar
21%
China2.07 milBaoding
21%
Indonesia1.39 milBatam
15%
China1.54 milBengbu
10%
India1.31 milBareilly
10%

Score Distribution

Percentile by Number Answered

Percent of People with Each Score

Your Score History

You have not taken this quiz